Statistiques concernant Les plus grandes aires urbaines de France

Cliquez ici pour prendre le quiz!

Statistiques générales

  • Ce quiz a été pris 377 fois
  • Le résultat moyen est 63 sur 98

Statistiques - réponses

Population (2015)Aire urbaine% Correct
12 532 000Paris
100%
1 752 000Marseille - Aix-en-Provence
99%
1 215 000Bordeaux
98%
1 184 000Lille
98%
2 291 000Lyon
97%
719 000Rennes
96%
1 330 000Toulouse
96%
1 005 000Nice
95%
780 000Strasbourg
95%
949 000Nantes
94%
599 000Montpellier
89%
318 000Brest
88%
690 000Grenoble
85%
389 000Metz
85%
435 000Nancy
85%
663 000Rouen
85%
479 000Clermont-Ferrand
84%
418 000Caen
83%
290 000Le Havre
83%
384 000Dijon
82%
622 000Toulon
82%
492 000Tours
82%
413 000Angers
81%
322 000Reims
81%
121 000La Roche-sur-Yon
80%
433 000Orléans
80%
515 000Saint-Etienne
80%
126 000Bourg-en-Bresse
79%
320 000Perpignan
79%
295 000Amiens
78%
283 000Limoges
77%
243 000Pau
77%
285 000Mulhouse
76%
266 000Nîmes
76%
539 000Douai - Lens
75%
347 000Le Mans
75%
234 000Annecy
74%
123 000Fort-de-France (Martinique)
73%
214 000La Rochelle
73%
260 000Poitiers
73%
527 000Avignon
72%
202 000Saint-Denis (Réunion)
71%
297 000Bayonne
70%
250 000Besançon
70%
130 000Calais
70%
131 000Colmar
70%
257 000Dunkerque
70%
179 000Valence
70%
217 000Lorient
67%
127 000Quimper
66%
223 000Chambéry
64%
194 000Troyes
64%
155 000Vannes
64%
120 000Cherbourg-en-Cotentin
62%
171 000Béziers
61%
135 000Chalon-sur-Saône
60%
105 000Ajaccio
59%
146 000Chartres
58%
156 000Niort
58%
369 000Valenciennes
58%
131 000Cayenne (Guyane)
57%
140 000Bourges
56%
107 000Montauban
56%
182 000Angoulême
55%
121 000Laval
55%
126 000Beauvais
54%
128 000Blois
54%
172 000Saint-Brieuc
54%
130 000Arras
53%
219 000Saint-Nazaire
53%
115 000Tarbes
52%
114 000Belfort
51%
113 000Evreux
50%
113 000Agen
49%
102 000Brive-la-Gaillarde
49%
101 000Mâcon
49%
104 000Charleville-Mézières
48%
131 000Boulogne-sur-Mer
46%
103 000Périgueux
46%
179 000Saint-Pierre (Réunion)
45%
313 000Pointe-à-Pitre (Guadeloupe)
44%
110 000Saint-Quentin
44%
314 000Genève - Annemasse
37%
181 000Saint-Paul (Réunion)
37%
227 000Mamoudzou (Mayotte)
36%
161 000Montbéliard
36%
116 000Cholet
35%
135 000Thionville
35%
370 000Béthune
33%
107 000Roanne
33%
114 000Alès
32%
179 000Nouméa (Nouvelle-Calédonie)
32%
129 000Maubeuge
24%
114 000Vienne
24%
120 000Creil
23%
100 000Sarrebruck - Forbach
23%
180 000Papeete (Polynésie)
17%
134 000Le Robert (Martinique)
6%

Distribution des résultats

Percentile par nombre de réponses

% des personnes avec chaque résultat

Votre développement - résultats

Vous n’avez pas pris ce quiz